000 00423nam a2200181Ia 4500
003 GCL
008 140319s9999 xx 000 0 eng d
040 _aGCL /
_cGCL
082 0 4 _a291.23
_bT R
100 1 _aTOLSTOI, LEO
245 1 0 _aRESURRCTION /
_cTOLSTOI, LEO
700 1 _aTRAILL,JERA
260 _a[S.N] :
_bHAMISH HAMILTON
300 _a561P
650 0 4 _aRELIGION
650 0 4 _aRESURRECTION
942 _2ddc
_cBK
999 _c12305
_d12305